000 01626cad a22003255a 4500
001 L137544
008 070413s2007 xxk f f000 0 eng d
035 _a(Sirsi) u137544
041 0 _aeng
050 0 4 _a711.309 $2 18
100 1 _aO'Rourke, Terence
110 1 _aUnited Kingdom
_Department for Communities and Local Government
245 0 0 _aUsing evidence in spatial planning
_bspatial plans in practice
_bsupporting the reform of local planning
_h[electronic resource]
260 _aLondon
_bDepartment for Communities and Local Government
_c2007
490 0 _aSpatial Plans in Practice Lessons
_vreport 2
520 _aDiscusses the role of evidence in spatial planning, considering the role of evidence, what sort of evidence is needed and how it is obtained, with the use of evidence in preparation and justification of strategy, proposals and policies within parts of the local development frameworks (LDFs). Presents findings from a number of case study investigations.
590 _aKA
650 2 4 _aREGIONAL PLANNING
650 2 4 _aPLANNING GUIDANCE
650 2 4 _aSTRATEGIC PLANNING
650 2 4 _aSPATIAL DEVELOPMENT STRATEGY
651 4 _aUnited Kingdom
_y
690 _aENVIRONMENTAL AND LAND CONSULTANCY-PLANNING AND DEVELOPMENT-PLANNING GUIDANCE-LOCAL DEVELOPMENT PLANS
710 1 _aBaker Associates
_94928
710 1 _aUniversity of Liverpool
_94388
710 1 _aUniversity of Manchester
_9720
710 1 _aUniversity of the West of England
_93479
856 4 0 _uhttps://www.communities.gov.uk/index.asp?id=1508816
_zView the item free of charge at www.communities.gov.uk...
942 _n0
999 _c106814
_d106814